000 00471nam a22001697a 4500
003 OSt
005 20240625160657.0
008 240625b |||||||| |||| 00| 0 eng d
040 _cMUST
082 _a338.927 BHO 2008
100 _aBhola, Harbans S
_917889
245 _aSIGNPOSTS TO LITERACY FOR sustainable development
_bcomplementary studies
_cHarbans S, Bhola
300 _a171p.
_c21cm
504 _aBibliography
651 _2Adullt Literacy
942 _2ddc
_cO_SHELF
999 _c8853
_d8853